|
|
|
|
| LEADER |
00934nam a2200289 4500 |
| 001 |
DLU180184495 |
| 005 |
##20180418 |
| 040 |
# |
# |
|a DLU
|b vie
|
| 041 |
# |
# |
|a vie
|
| 044 |
# |
# |
|a vn
|
| 100 |
# |
# |
|a Hà Hữu Sơn.
|
| 245 |
# |
# |
|a Khảo sát một số tính chất của màng phủ silica lai hữu cơ được chuẩn bị bằng phương pháp điện di lắng đọng /
|c Hà Hữu Sơn, Doãn Anh Tú, Nguyễn Đức Hùng.
|
| 653 |
# |
# |
|a Electrodephoric deposition
|
| 653 |
# |
# |
|a Nano silica
|
| 653 |
# |
# |
|a Organosilica film
|
| 700 |
# |
# |
|a Doãn Anh Tú.
|
| 700 |
# |
# |
|a Nguyễn Đức Hùng.
|
| 773 |
# |
# |
|t Hóa học
|g Số 4, 2015, tr. 485-490
|
| 920 |
# |
# |
|a Phòng Tạp chí -- Trung tâm Thông tin - Thư viện Trường Đại học Đà Lạt
|
| 994 |
# |
# |
|a DLU
|
| 900 |
# |
# |
|a True
|
| 911 |
# |
# |
|a Hoàng Thị Huyền
|
| 925 |
# |
# |
|a G
|
| 926 |
# |
# |
|a A
|
| 927 |
# |
# |
|a BB
|
| 980 |
# |
# |
|a Thư viện Trường Đại học Đà Lạt
|